000 00652nam a2200193Ia 4500
003 GCL
008 140319s9999 xx 000 0 ara d
040 _aGCL /
_cGCL
082 0 4 _a410.1
_bع ل
100 1 _aعبدالعزيز عبدالمجيد
245 1 0 _aاللغة العربية أصولها النفسية وطرق تدريسها ناحية التحصيل /
_cعبدالعزيز عبدالمجيد
300 _a355 ص
490 _a
650 0 4 _aالادب العربى
650 0 4 _aالقصة العربية
650 0 4 _aالمكتبات المدرسية
650 0 4 _aاللغة العربية - المناهج
942 _2ddc
_cBK
999 _c40144
_d40144